| 000 | 01515nam a2200361Ii 4500 | ||
|---|---|---|---|
| 001 | 1341231889 | ||
| 003 | AUA.1 | ||
| 005 | 20251121092249.0 | ||
| 008 | 220816s2022 idu b 000 0 eng d | ||
| 020 | _a9780816368464 | ||
| 020 | _a0816368465 | ||
| 035 | _a(OCoLC)1341231889 | ||
| 040 |
_aOH6 _beng _cOH6 _dEXN |
||
| 050 |
_aBS1405.52 _b.S48 2022 |
||
| 245 | 0 | 0 |
_aPsalms, Proverbs, Ecclesiastes, Song of songs / _c[edited by Jacques B. Doukhan] |
| 246 | 1 |
_iAt head of title : _aSeventh-day Adventist International Bible Commentary. |
|
| 260 |
_aNampa, ID : _bPacific Press; _bReview and Herald; _bFoundation for Adventist Education and the Zinke Family; _cc2022. |
||
| 300 |
_a1391 pages ; _c24 cm. |
||
| 490 | 1 |
_aSeventh-day Adventist International Bible Commentary ; _vv. 6. |
|
| 500 | _aInitiated and Sponsored by The Foundation For Adventist Education and the Zinke Family. | ||
| 504 | _aIncludes bibliographical references. | ||
| 630 | 0 | 0 |
_aBible. _pPsalms _vCommentaries. |
| 630 | 0 | 0 |
_aBible. _pProverbs _vCommentaries. _945264 |
| 630 | 0 | 0 |
_aBible. _pEcclesiastes _vCommentaries. |
| 630 | 0 | 0 |
_aBible. _pSong of Solomon _vCommentaries. |
| 700 | 1 |
_aDoukhan, Jacques, _eeditor. _eauthor. |
|
| 700 | 1 |
_aKlingbeil, Martin, _eauthor. |
|
| 700 | 1 |
_aSantrac, Dragoslav, _eauthor. |
|
| 700 | 1 |
_aTasker, David R., _eauthor. |
|
| 700 | 1 |
_aDavidson, Richard M.. _eauthor. |
|
| 830 | 0 |
_aSeventh-day Adventist International Bible commentary ; _vv. 6. |
|
| 942 |
_2lcc _cREF _hBS 1405.52 _i.S48 2022 |
||
| 999 |
_c25283 _d25283 |
||